| 000 | 02000nam a2200265 a 4500 | ||
|---|---|---|---|
| 001 | 000029339 | ||
| 005 | 20250711124154.0 | ||
| 008 | 110414s2008 dr ad 001 0 spa d | ||
| 020 | _a9789945406832 | ||
| 040 |
_aDO-SdBNP _bspa _cBNPHU |
||
| 082 |
_a379.7293 _bR426p, 2008-18 |
||
| 110 | 1 |
_aRepública Dominicana. _bSecretaría de Estado de Educación Superior, Ciencia y Tecnología _918778 |
|
| 245 | 1 | 0 |
_aPlan decenal de Educación Superior 2008-2018 : _buna educación superior de calidad para el país que soñamos los dominicanos : resumen / _cpresentación Ligia Amada Melo de Cardona ; edición Luz Almánzar Rodríguez. |
| 260 |
_aSanto Domingo : _bSEESCyT, _c2008. |
||
| 300 |
_a88 p. : _bil., gráfcs., tablas ; _c28 cm. |
||
| 505 | 0 |
_gPresentación / _rLigia Amada Melo de Cardona -- _gIntroducción -- _tÁrea 1: Contexto: Un mundo de retos y desafíos positivos -- _tProgramas estratégicos del Plan Decenal de Educación Superior 2008-2018 -- _tÁrea 2: Cualitativa: Fomentando la cultura de creación del conocimiento -- _tÁrea 3: Vinculando las instituciones de Educación Superior (IES) y el sector productivo -- _tÁrea 4: Cuantitativa: Fomentando la equidad y la ampliación de la cobertura en la Educación Superior -- _tÁrea 5: Mejoramiento y modernización de la Educación Superior -- _tÁrea 6: Asignando más recursos y mayor eficiencia en la Educación Superior -- _tOrganización y gestión de la ejecución del Plan Decenal de Educación Superior 2008-2018 -- _tEvaluación, seguimiento y difusión del Plan Decenal de Educación Superior 2008-2018 -- _gAnexos. |
|
| 590 | _aInventariado, 2018/MFF | ||
| 650 | 0 |
_aPlanificación educativa _917484 |
|
| 650 | 4 |
_aPlanificación estratégica _92433 |
|
| 650 | 4 |
_aDesarrollo educativo _910501 |
|
| 650 | 4 |
_aPolítica de educacion superior _zRepública Dominicana _956216 |
|
| 700 | 1 |
_aAlmánzar Rodríguez, Luz, _eed. _956217 |
|
| 700 | 1 |
_aMelo de Cardona, Ligia Amada, _epresent. _927174 |
|
| 910 | _aValidado. Control de calidad EMS | ||
| 999 |
_c28831 _d28831 |
||